Take the long-term view (Record no. 80717)

MARC details
000 -LEADER
fixed length control field 00759cab a22001935a 4500
001 - CONTROL NUMBER
control field L145127
008 - FIXED-LENGTH DATA ELEMENTS--GENERAL INFORMATION
fixed length control field 080909e20080906xxka f 000 0 eng d
035 ## - SYSTEM CONTROL NUMBER
System control number (Sirsi) u145127
041 0# - LANGUAGE CODE
Language code of text/sound track or separate title eng
100 1# - MAIN ENTRY--PERSONAL NAME
Personal name Burgess, Simon
245 00 - TITLE STATEMENT
Title Take the long-term view
260 ## - PUBLICATION, DISTRIBUTION, ETC.
Date of publication, distribution, etc. 2008
490 ## - SERIES STATEMENT
Series statement Estates Gazette
Volume/sequential designation (0835) 6 September 2008, 138-139(2)
520 ## - SUMMARY, ETC.
Summary, etc. This second part of a two part Mainly for Students article explores the constituent parts of trusts; their variety and suitability as a vehicle for holding real property. See also 'A more reliable "friend''' (L144988).
650 24 - SUBJECT ADDED ENTRY--TOPICAL TERM
Topical term or geographic name entry element UKERT V INTERFACE TRUSTEES LTD
651 #4 - SUBJECT ADDED ENTRY--GEOGRAPHIC NAME
Geographic name United Kingdom
Chronological subdivision
690 ## - LOCAL SUBJECT ADDED ENTRY--TOPICAL TERM (OCLC, RLIN)
Topical term or geographic name as entry element PROPERTY-PROPERTY FINANCE & INVESTMENT-REAL ESTATE INVESTMENT TRUSTS
942 ## - ADDED ENTRY ELEMENTS (KOHA)
Suppress in OPAC 0
Holdings
Withdrawn status Lost status Source of classification or shelving scheme Damaged status Not for loan Home library Current library Shelving location Date acquired Total Checkouts Full call number Barcode Date last seen Copy number Price effective from Koha item type
    Dewey Decimal Classification     London London Journal article 09/09/2008   L145127 145127-1001 06/08/2019 1 06/08/2019 Journal article